| 000 | 00690nam a2200241 i 4500 | ||
|---|---|---|---|
| 001 | bg | ||
| 100 | 1 | _aLEITNER, Roman. | |
| 245 | 1 | 0 |
_aZarys matematyki wyższej dla studentów. _nCz. 1 / _cRoman Leitner. |
| 250 | _aWyd. 10. | ||
| 260 |
_aWarszawa : _bWydawnictwa Naukowo-Techniczne, _c1997. |
||
| 300 |
_a447, [1] s. : _brys., wykr. ; _c24 cm. |
||
| 650 | 9 | _aMatematyka | |
| 655 | _aPodręczniki akademickie | ||
| 020 | _a8320421594 (cz. 1) | ||
| 020 | _a8320421586 (całość) | ||
| 040 | _cBPK | ||
| 041 | 0 | _apol | |
| 080 | _a51(075.8) | ||
| 920 | _a83-204-2159-4 (cz. 1) | ||
| 920 | _a83-204-2158-6 (całość) | ||
| 942 | _cKS | ||
| 008 | s pl f |000 0 pol | ||
| 999 |
_c44344 _d44344 |
||
| 856 |
_uhttp://koha.tu.koszalin.pl/cgi-bin/koha/opac-detail.pl?biblionumber=44344 _yKatalog online BPK |
||